000 00193nam a2200073Ia 4500
008 170524s9999 xx 000 0 und d
100 _aJAWAHAR- P DAVID
245 0 _aPERSPECTIVE ON H R AND IT MANAGEMENT
260 _bEXCEL BOOKS
999 _c8263
_d8263